[Event "ROM-ch U10 Girls"]
[Site "Calimanesti Caciulata"]
[Date "2019.04.21"]
[Round "8.21"]
[White "Andreica, Alesia"]
[Black "Constantin, Mara Madeleine"]
[Result "0-1"]
[WhiteElo "1001"]
[BlackElo "1002"]
[PlyCount "45"]
[EventDate "2019.04.15"]
[EventType "swiss"]
[EventRounds "9"]
[EventCountry "ROU"]
[SourceTitle "EXT 2024"]
[Source "ChessBase"]
[SourceDate "2023.10.10"]
[SourceVersion "1"]
[SourceVersionDate "2023.10.10"]
[SourceQuality "1"]

1. e4 e6 2. d4 d5 3. Nc3 Nf6 4. Bg5 Nc6 5. Bb5 Bd7 6. Nge2 Bd6 7. e5 Bb4 8. exf6 gxf6 9. Be3 Qe7 10. a3 Bd6 11. 0-0 0-0-0 12. Qd3 h5 13. h3 Rdg8 14. Ng3 h4 15. Nh1 Qf8 16. g3 hxg3 17. Nxg3 Bxg3 18. fxg3 Rxg3+ 19. Kf2 Rgxh3 20. Rg1 Rh2+ 21. Kf1 R8h3 22. Ke1 Qh8 23. Rf1 0-1